LEADER 02791oam 2200649I 450 001 9910457883503321 005 20170924233729.0 010 $a1-136-06645-4 010 $a1-136-06646-2 010 $a1-283-44796-7 010 $a9786613447968 010 $a0-240-81756-7 024 7 $a10.4324/9780240817569 035 $a(CKB)2550000000084036 035 $a(EBL)850699 035 $a(OCoLC)775302615 035 $a(SSID)ssj0000599340 035 $a(PQKBManifestationID)11941392 035 $a(PQKBTitleCode)TC0000599340 035 $a(PQKBWorkID)10595449 035 $a(PQKB)10697546 035 $a(OCoLC)775791357 035 $a(MiAaPQ)EBC850699 035 $a(CaSebORM)9780240817552 035 $a(EXLCZ)992550000000084036 100 $a20180706d2012 uy 0 101 0 $aeng 135 $aur|n|---||||| 181 $ctxt 182 $cc 183 $acr 200 14$aThe insider's guide to independent film distribution /$fStacey Parks 205 $a2nd ed. 210 1$aAmsterdam ;$aBoston :$cElsevier/Focal Press,$d2012. 215 $a1 online resource (169 p.) 300 $aIncludes index. 311 $a1-138-40928-6 311 $a0-240-81755-9 320 $aIncludes bibliographical references and index. 327 $aA Recent History of Distribution -- Before You Start Production: Getting a Leg-Up on Distribution -- Financing Strategies for Distribution -- Production & Post Geared Towards Distribution -- It's in the Can, Now What? -- Getting a Distribution Deal and What to Expect -- After the Distribution Deal. 330 $aInnovation in technology means that almost anyone can make an independent film these days. Although this may be good news for aspiring filmmakers, it also means that the oversupply of independent films on the market has caused acquisition prices to dramatically decrease. As a result, producers and investors rarely recover their initial investment in the films they make. But don't be discouraged! Use this book to learn the realities of the market in advance and map out a winning distribution plan. This comprehensive manual for filmmakers and producers dedicated to film distribution an 606 $aMotion pictures$xMarketing 606 $aMotion pictures$xDistribution 606 $aMotion pictures$xProduction and direction 608 $aElectronic books. 615 0$aMotion pictures$xMarketing. 615 0$aMotion pictures$xDistribution. 615 0$aMotion pictures$xProduction and direction. 676 $a384.84 700 $aParks$b Stacey.$0943182 801 0$bMiAaPQ 801 1$bMiAaPQ 801 2$bMiAaPQ 906 $aBOOK 912 $a9910457883503321 996 $aThe insider's guide to independent film distribution$92128699 997 $aUNINA LEADER 02968oam 22006735 450 001 9910785274303321 005 20200520144314.0 010 $a1-282-72573-4 010 $a9786612725739 010 $a0-8213-8420-1 024 7 $a10.1596/978-0-8213-8419-0 035 $a(CKB)2670000000041497 035 $a(EBL)589797 035 $a(OCoLC)659562267 035 $a(SSID)ssj0000409802 035 $a(PQKBManifestationID)12128653 035 $a(PQKBTitleCode)TC0000409802 035 $a(PQKBWorkID)10348205 035 $a(PQKB)10467257 035 $a(MiAaPQ)EBC589797 035 $a(Au-PeEL)EBL589797 035 $a(CaPaEBR)ebr10408444 035 $a(CaONFJC)MIL272573 035 $a(The World Bank)ocn637709985 035 $a(US-djbf)16255526 035 $a(EXLCZ)992670000000041497 100 $a20100527d2010 uy 0 101 0 $aeng 135 $aurcn||||||||| 181 $ctxt$2rdacontent 182 $cc$2rdamedia 183 $acr$2rdacarrier 200 10$aBuilding broadband : $estrategies and policies for the developing world /$fYongsoo Kim, Tim Kelly, and Siddhartha Raja 210 1$aWashington, D.C. :$cWorld Bank,$dc2010. 215 $axxvii, 155 pages $cillustrations ;$d21 cm 300 $aDescription based upon print version of record. 311 $a0-8213-8419-8 320 $aIncludes bibliographical references and index. 327 $aThe status and importance of broadband -- Rethinking broadband as an ecosystem -- Broadband market development in the Republic of Korea -- Experiences of other broadband leaders -- Strategies to build the broadband ecosystem -- Policies and programs to build broadband -- Building blocks for broadband. 330 $aThe year 2000 initiated a decade of spectacular growth in the information and communication technology sector in developing countries. Almost 75 percent of the world's mobile telephone subscriptions are in low- and middle-income countries, which have also promoted exciting innovations and realized significant economic development benefits. However, the adoption and use of broadband technology is another matter. Countries in North America and the European Union account for more than 50 percent of the world's 1 billion fixed and mobile broadband subscriptions, but South Asia and Sub-Saharan Afri 410 0$aWorld Bank e-Library. 606 $aInternet service providers$zKorea (South) 606 $aBroadband communication systems$zKorea (South) 615 0$aInternet service providers 615 0$aBroadband communication systems 676 $a384.3/3 700 $aKim$b Yongsoo$01517119 701 $aKelly$b Tim$g(Tim John Charles)$0865410 701 $aRaja$b Siddhartha$f1980-$01517120 801 0$bDLC 801 1$bDLC 801 2$bYDX 801 2$bYDXCP 801 2$bCDX 801 2$bDLC 906 $aBOOK 912 $a9910785274303321 996 $aBuilding broadband$93753982 997 $aUNINA LEADER 01178nam 2200385 450 001 9910823214603321 010 $a1-78862-631-1 035 $a(CKB)3840000000373034 035 $a(MiAaPQ)EBC5254605 035 $a(PPN)233405267 035 $a(EXLCZ)993840000000373034 100 $a20180223h20182018 uy 0 101 0 $aeng 135 $aurcnu|||||||| 181 $2rdacontent 182 $2rdamedia 183 $2rdacarrier 200 10$aMicroservices with Clojure $edevelop event-driven, scalable, and reactive microservices with real-time monitoring /$fAnuj Kumar 210 1$aBirmingham, England :$cPackt Publishing,$d2018. 210 4$dİ2018 215 $a1 online resource (317 pages) $cillustrations 300 $aIncludes index. 606 $aApplication software$xDevelopment 606 $aWeb applications$xDesign 615 0$aApplication software$xDevelopment. 615 0$aWeb applications$xDesign. 676 $a005.1 700 $aKumar$b Anuj$01698948 801 0$bMiAaPQ 801 1$bMiAaPQ 801 2$bMiAaPQ 906 $aBOOK 912 $a9910823214603321 996 $aMicroservices with Clojure$94080820 997 $aUNINA LEADER 05305nam 2200709Ia 450 001 9910967993303321 005 20251116231633.0 010 $a9786611934569 010 $a9781281934567 010 $a1281934569 010 $a9789812794628 010 $a981279462X 035 $a(CKB)1000000000538109 035 $a(EBL)1679696 035 $a(OCoLC)262620003 035 $a(SSID)ssj0000142029 035 $a(PQKBManifestationID)11158138 035 $a(PQKBTitleCode)TC0000142029 035 $a(PQKBWorkID)10090967 035 $a(PQKB)10350616 035 $a(MiAaPQ)EBC1679696 035 $a(WSP)00004337 035 $a(Au-PeEL)EBL1679696 035 $a(CaPaEBR)ebr10255549 035 $a(Perlego)847903 035 $a(EXLCZ)991000000000538109 100 $a20000629d2001 uy 0 101 0 $aeng 135 $aur|n|---||||| 181 $ctxt 182 $cc 183 $acr 200 00$aDynamics and mission design near libration points$hVolume 3$iAdvanced methods for collinear points /$fG. Gomez ... [et al.] 205 $a1st ed. 210 $aSingapore ;$aRiver Edge, NJ $cWorld Scientific$dc2001 215 $a1 online resource (203 p.) 225 1 $aWorld scientific monograph series in mathematics ;$v4 300 $aDescription based upon print version of record. 311 08$a9789810242114 311 08$a9810242115 320 $aIncludes bibliographical references. 327 $aContents ; Preface ; Chapter 1 Quasi-periodic Solutions Near the Equilateral Points of the Earth-Moon System ; 1.1 Introduction ; 1.2 Idea of the Resolution Method ; 1.3 The Algebraic Manipulator ; 1.4 The Newton Method ; 1.5 The Program ; 1.6 Results of the Algebraic Manipulator 327 $a1.7 Numerical Refinement 1.8 The Neighbourhood of the Computed Nearly Quasi-periodic Solution ; 1.9 Problems and Extensions ; Chapter 2 Global Description of the Orbits Near the L1 Point of the Earth-Sun System in the RTBP ; 2.1 Introduction ; 2.2 The Equations of Motion 327 $a2.3 Formal Series Solutions 2.4 On the Convergence of the Series ; 2.5 Towards a Description of the Neighbourhood of L1 ; 2.6 Discussion on the Use of Lissajous Orbits ; 2.7 Effective Reduction to the Central Manifold ; 2.8 Conclusions ; Chapter 3 Quasi-periodic Halo Orbits 327 $a3.1 Numerical Refinement 3.2 Main Program and Basic Routines ; 3.3 The Equations of Motion for the Simulations of the Control ; 3.4 The Effect of Errors ; 3.5 When a Control is Applied ; 3.6 Magnitudes Related to the Control ; 3.7 Description of the Program ; 3.8 Numerical Results 327 $aChapter 4 Transfer From the Earth to a Halo Orbit 4.1 Introduction ; 4.2 Local Approximation of the Stable Manifold ; 4.3 Globalization of the Manifold ; 4.4 Selecting Passages Near the Earth ; 4.5 Ranges in the Manifold Suited for the Transfer 327 $a4.6 Characteristics of the Orbits Near the Earth 330 $a This book studies several problems related to the analysis of planned or possible spacecraft missions. It is divided into four chapters. The first chapter is devoted to the computation of quasiperiodic solutions for the motion of a spacecraft near the equilateral points of the Earth-Moon system. The second chapter gives a complete description of the orbits near the collinear point, L1, between the Earth and the Sun in the restricted three-body problem (RTBP) model. In the third chapter, methods are developed to compute the nominal orbit and to design and test the control strategy for t 410 0$aWorld Scientific monograph series in mathematics ;$v4. 606 $aThree-body problem 606 $aLagrangian points 615 0$aThree-body problem. 615 0$aLagrangian points. 676 $a521.3 701 $aGo?mez$b G$g(Gerard)$0878196 801 0$bMiAaPQ 801 1$bMiAaPQ 801 2$bMiAaPQ 906 $aBOOK 912 $a9910967993303321 996 $aDynamics and mission design near libration points$94537271 997 $aUNINA